International Financial Fraud: Economic and Psychological Aspects, Classification and Ways of Minimization

Aktívne využívanie najnovších informačných technológií a bezhotovostných platobných foriem vedie k nárastu rôznych druhov podvodov vo finančnom sektore. Vysoký podiel podvodov v bankovom sektore. Možnosti predchádzania finančným podvodom v medzinárodnom meradle. Kritériá identifikácie finančného pod...

Descrizione completa

Salvato in:
Dettagli Bibliografici
Autore principale: Gryazeva, Elena
Altri autori: Mayorova, Olga, Malchikova, Natalia, Nemkova, Maria, Paravina, Marina
Natura: Capitolo di libro
Lingua:inglese
Soggetti:
Tags: Aggiungi Tag
Nessun Tag, puoi essere il primo ad aggiungerne!!

MARC

LEADER 00000naa a2200000 4500
001 0283709
005 20220512122748.8
041 0 |a eng 
044 |a UA 
245 1 0 |a International Financial Fraud: Economic and Psychological Aspects, Classification and Ways of Minimization  |c Elena Gryazeva, Olga Mayorova, Natalia Malchikova, Maria Nemkova, Marina Paravina 
520 |a Aktívne využívanie najnovších informačných technológií a bezhotovostných platobných foriem vedie k nárastu rôznych druhov podvodov vo finančnom sektore. Vysoký podiel podvodov v bankovom sektore. Možnosti predchádzania finančným podvodom v medzinárodnom meradle. Kritériá identifikácie finančného podvodu. Metódy odhaľovania firemných podvodov. 
610 2 0 |a podvody 
610 2 0 |a kriminalita finančná 
610 2 0 |a bezpečnosť informačná 
610 2 0 |a technológie informačné 
610 2 0 |a analýza ekonomická 
100 1 |a Gryazeva, Elena 
700 1 |a Mayorova, Olga 
700 1 |a Malchikova, Natalia 
700 1 |a Nemkova, Maria 
700 1 |a Paravina, Marina